| 000 | 01082nam a2200277 i 4500 | ||
|---|---|---|---|
| 001 | 168893 | ||
| 003 | ES-MaACL | ||
| 005 | 20260206103029.0 | ||
| 008 | 080619s1902 sp |||| | spa d | ||
| 080 | _a343.544 | ||
| 080 | _a343.545 | ||
| 100 | 1 |
_aSalillas, Rafael. _9101925 |
|
| 245 | 1 | 0 | _aDiscurso leído por el Sr. D. Rafael Salillas el día 10 de diciembre de 1902 en el Ateneo Científico, Literario y Artístico de Madrid, con motivo de la apertura de sus cátedras. |
| 260 |
_aMadrid : _b[s.n.], _c1902 ( _fEst. Tip. de la Viuda e Hijos de M. Tello) |
||
| 300 |
_a39 p. ; _c22 cm. |
||
| 530 | _aDisponible en formato digital. | ||
| 594 | _aTema: La trata de blancas. | ||
| 610 | 2 | 4 |
_aAteneo de Madrid- _vDiscursos de apertura- _yS.XX. _91913 |
| 650 | 4 |
_aTrata de personas. _9153112 |
|
| 650 | 4 |
_aProstitución- _xDerecho. _9163416 |
|
| 650 | 4 |
_aProxenetismo. _9163417 |
|
| 852 | 4 |
_aES-MaACL _jB-1628(6) _cSPB |
|
| 856 | 4 |
_uhttp://bdh-rd.bne.es/viewer.vm?id=0000250099&page=1 _yBiblioteca Digital Hispánica |
|
| 942 | _2udc | ||
| 999 |
_c168893 _d168893 |
||